Voices of Labor: Creativity, Craft, and Conflict in Global Hollywood (Record no. 23204)
[ view plain ]
| 000 -LEADER | |
|---|---|
| fixed length control field | 00702nam a2200121Ia 4500 |
| 008 - FIXED-LENGTH DATA ELEMENTS--GENERAL INFORMATION | |
| fixed length control field | 220620s9999||||xx |||||||||||||| ||und|| |
| 100 ## - MAIN ENTRY--PERSONAL NAME | |
| Personal name | Curtin, Michael||Sanson, Kevin |
| 245 #0 - TITLE STATEMENT | |
| Title | Voices of Labor: Creativity, Craft, and Conflict in Global Hollywood |
| 546 ## - LANGUAGE NOTE | |
| Language note | English[eng] |
| 650 ## - SUBJECT ADDED ENTRY--TOPICAL TERM | |
| Topical term or geographic name entry element | globalization||creative labor||working conditions||gender||below-the-line||interviewers||runaway production||organized labor||diversity||hollywood||Los Angeles||Visual effects |
| 856 ## - ELECTRONIC LOCATION AND ACCESS | |
| Uniform Resource Identifier | <a href="https://library.oapen.org/bitstream/20.500.12657/31554/1/627022.pdf||https://library.oapen.org/bitstream/20.500.12657/31554/1/627022.pdf||https://library.oapen.org/bitstream/20.500.12657/31554/1/627022.pdf">https://library.oapen.org/bitstream/20.500.12657/31554/1/627022.pdf||https://library.oapen.org/bitstream/20.500.12657/31554/1/627022.pdf||https://library.oapen.org/bitstream/20.500.12657/31554/1/627022.pdf</a> |
| 942 ## - ADDED ENTRY ELEMENTS (KOHA) | |
| Koha item type | E-Books |
| Withdrawn status | Lost status | Damaged status | Not for loan | Home library | Current library | Date acquired | Total Checkouts | Date last seen | Price effective from | Koha item type |
|---|---|---|---|---|---|---|---|---|---|---|
| Kerala University of Digital Sciences, Innovation and Technology Knowledge Centre | Kerala University of Digital Sciences, Innovation and Technology Knowledge Centre | 20/06/2022 | 20/06/2022 | 20/06/2022 | E-Books |